Loading...
Data Ware Housing in the real world :Apractical guide for building decision
| Main Author: | |
|---|---|
| Format: | Printed Book |
| Published: |
Pearson : New Delhi
2015
|
| Edition: | 01 Edition |
| Subjects: |
| LEADER | 00552nam a2200157 4500 | ||
|---|---|---|---|
| 082 | |||
| 100 | |a Anahory,Sam and Murray Dennis | ||
| 245 | |a Data Ware Housing in the real world :Apractical guide for building decision |c Anahory,Sam and Murray Dennis | ||
| 250 | |a 01 Edition | ||
| 260 | |a Pearson : New Delhi |c 2015 | ||
| 300 | |||
| 490 | |||
| 650 | |a Ware Housing,building decision | ||
| 942 | |c BK | ||
| 999 | |c 130275 |d 130275 | ||
| 952 | |0 0 |1 0 |2 ddc |4 0 |6 005_740000000000000_ANA_D |7 0 |9 143737 |a COM |b COM |d 2020-11-10 |o 005.74 ANA.D |p COM 8271 |r 2019-10-24 |t 1 |w 2019-10-24 |y BK | ||